Score 0/30 Timer 03:00
1 Play Today
Hint 4-Letter Word % Correct
Liquid food; brothSOUP
86.8%
A change of government by forceCOUP
84.2%
Farm building for housing poultryCOOP
84%
Deficient in colorPALE
83.7%
Old King ____COLE
83.5%
One of the two ends of a magnetPOLE
82.5%
Lady that serves a queenMAID
80%
Look after; provide for the needs ofCARE
79.3%
Musical genre; gospelSOUL
78.8%
Let fall to the groundDROP
78.3%
Cut short (like hair)CROP
78.1%
Narrow way or roadLANE
77.9%
The first king of IsraelSAUL
73.5%
Cloak worn by a queenCAPE
73.5%
First queen of England in her own rightMARY
72.5%
Hint 4-Letter Word % Correct
Merchandise offered for saleWARE
71.8%
Deal effectively with somethingCOPE
70.9%
Cloth spread over a coffinPALL
70.8%
King of Greece 1947-1964PAUL
69.5%
Armor made of interlinked metal ringsMAIL
69.5%
Cautious and watchfulWARY
69.2%
Solid part of the earth's surfaceLAND
66.8%
The Nine Days' Queen: Lady ____ [last rung]JANE
58.7%
Praise, glorify, or honorLAUD
56.5%
Loose and crumbling earthy depositMARL
54.1%
Empress Matilda of EnglandMAUD
52.7%
The Nine Days' Queen: Lady [first rung] ____GREY
42.7%
Increased in sizeGREW
42.6%
Took cards from a dealerDREW
42%
Fantasy - dark-skinned elvesDROW
38.9%

Today's Daily Dose

Missing Word
I Hardly Know Her!

Word Ladder
Sentence Ending

Quick Pick
Female Firsts

Get the Picture
Triathlon Sports

Remove Ads.
Support Sporcle.
Get the best of Sporcle when you Go Orange. This ad-free experience offers more features, more stats, and more fun while also helping to support Sporcle. Thank you for becoming a member.

You're not logged in!

Compare scores with friends on all Sporcle quizzes.
OR
Log In

Show Comments

Extras

Top Quizzes Today


Score Distribution

Your Account Isn't Verified!

In order to create a playlist on Sporcle, you need to verify the email address you used during registration. Go to your Sporcle Settings to finish the process.

Report this User

Report this user for behavior that violates our Community Guidelines.

Details: